| 000 | 00378cam a2200145ua 4500 | ||
|---|---|---|---|
| 041 |
_amal _h |
||
| 082 |
_a039.94812 _bMAT/VI |
||
| 100 | _aMathew , Kuzhiveli M . | ||
| 245 |
_aVijnanam, Vol 3 / _cMathew M Kuzhiveli. _hTextual Documents |
||
| 260 |
_aThiruvananthapuram : _bBalan Publishers , _c1961. |
||
| 300 | _a3467 ; . | ||
| 504 | _a | ||
| 942 | _cBK | ||
| 999 |
_c3775 _d3775 |
||